Normy pro řízení a zabezpečování jakosti. Část 3: Směrnice pro použití ISO 9000 při vývoji, dodávce a údržbě softwaru. STN 01 0320. ISO 9000-3

Na minha lista:
Detalhes bibliográficos
Formato: Livro
Publicado em: Praha : Vydavatelství norem, 1992
Assuntos:
Tags: Adicionar Tag
Sem tags, seja o primeiro a adicionar uma tag!

MARC

LEADER 00000nam a22000003a 4500
001 stu55178
005 20150408175850.7
008 001006s1992----cs----------------------d
040 |a STU  |b slo 
041 0
044 |a cs 
080 |a 658.56.681.3.06(083.74) 
245 |a Normy pro řízení a zabezpečování jakosti. Část 3: Směrnice pro použití ISO 9000 při vývoji, dodávce a údržbě softwaru. STN 01 0320. ISO 9000-3 
260 |a Praha :  |b Vydavatelství norem,  |c 1992 
300 |a 31 s 
500 |a Do 31.12.1992 ČSN 
650 7 |a Kvalita-software-normy  |2 stusub 
996 |b 284M053370  |c M*N-279-1  |l MMKN  |s A  |a 24  |w stu55178_0001 
996 |b 284M028519  |c M*N-279-2  |l MMST  |s P  |a 0  |w stu55178_0002